| 000 | 00506nam a2200193Ia 4500 | ||
|---|---|---|---|
| 005 | 20250508165643.0 | ||
| 008 | 008 250505s9999 xx 000 0 eng d | ||
| 037 | _aPeriodicals | ||
| 040 |
_aFEDL _beng _cFEDL |
||
| 041 |
_aeng _2eng |
||
| 084 |
_a516, BRA _qFEDL |
||
| 100 |
_aBradbury Lynne _9781513 |
||
| 245 | 0 | _aShapes and colours | |
| 260 |
_aLoughborough, UK _bLadybirds Books Ltd. |
||
| 300 | _a25p. | ||
| 365 |
_aGBP _b0.75 |
||
| 942 |
_cCR _h516, BRA |
||
| 999 |
_c1396518 _d1396518 |
||